LEADER 01323nam a2200337 a 4500 001 000000125464 003 CaOOAMICUS 005 20110526104731.0 008 110526s2010 it u000 u ita r 020 $a978-88-430-5653-8 040 $aPUL$bita 082 04$a035 100 1 $aCiervo, Margherita.$0(OLS)http://pul/name/79425 245 10$aGeopolitica dell'acqua /$cMargherita Ciervo. 250 $aNuova edizione. 260 $aRoma :$bCarocci,$c©2010. 300 $a188 p. ;$c22 cm. 490 1 $aQuality paperbacks ;$v334 500 $aSulla coperta: prefazione di Riccardo Petrella. 504 $aBibliografia: p. 181-188. 650 04$aGeografia economica.$0(OLS)http://pul/subject/7139 700 1 $aPetrella, Riccardo.$0(OLS)http://pul/name/79426 830 0$aQuality paperbacks (Carocci) ;$v334.$0(OLS)http://pul/title/103487 850 $aPUL 852 $aPUL$W1$xDP2 Cons. Gen., Altre Classi 3$y97$m035 COLL 1.334$j144497$qDDC 21$B143525$CPULBib$Z2$F143525 $H116408 $82 941 1 $a9 996 $6020$a978-88-430-5653-8$9(OLS)http://pul/number/147317 996 $6082$a035$9(OLS)http://pul/classification/471 996 $6245$aGeopolitica dell'acqua$9(OLS)http://pul/title/158204 996 $6260$aRoma :$bCarocci$9(OLS)http://pul/publisher/66917 LEADER 01373nam a2200277 u 4500 001 000000006387 003 CaOOAMICUS 005 20070226104852.0 008 940606s1950 fr u000 u fre u 035 $a10164477 040 $aPUL(R)$bita 041 1 $afre$hheb 130 0 $aBiblia.$pV.T.$pPsalmi.$lFrancese.$0(OLS)http://pul/title/3219 245 14$aLes Psaumes /$ctraduits par R. Tournay, O.P. ; avec la collaboration de Raymond Schwab. 260 $aParis :$bLes Éditions du Cerf,$c1950. 300 $a480 p., 1 f., [2] p. ;$c19 cm 490 1 $aLa Sainte Bible traduite en français sous la direction de l'Ecole biblique de Jérusalem 700 1 $aSchwab, Raymond.$0(OLS)http://pul/name/6517 700 1 $aTournay, Raymond,$cO.P.,$dn. 1912.$0(OLS)http://pul/name/6516 830 3$aLa Sainte Bible traduite en français sous la direction de l'Ecole biblique de Jérusalem.$0(OLS)http://pul/title/4683 850 $aPUL 852 $aPUL$W1$xDP1 Fondo Cecchetti$y53$m263 G 7$j9067$nBK-PRI$b $qFondi$B9067$CPULBib$Z2$F9067 $HPUL571 $81 852 $aPUL$W1$xDP1 Fondo Dalla Palma$y117$m3 D 73$j166294$qFondi$B195537$CPULBib$Z2$F195537 $HDal1706 $81 941 1 $a1 996 $6245$aLes Psaumes$9(OLS)http://pul/title/9408 996 $6260$aParis :$bLes Éditions du Cerf$9(OLS)http://pul/publisher/47861